000 00291nam a22001217a 4500
040 _cHS
082 _a543
110 _aNA
245 _aCertificate in quality assurance Quality assessment techniques
260 _aSCHOOL OF FIDHERIES MARINE INSTITUTE
_bNA
_c1994
300 _aNA
942 _cEK
999 _c9755
_d9755